Sekiro Quiz - Statistics

General Stats
  • This quiz has been taken 43 times
  • The average score is 10 of 15
Answer Stats
Question Answer % Correct
Who gives young wolf a cut on his face in the beginning cutscene of the game? Owl
90%
What ninjutsu do you need to use to reach the Great Serpent from Senpou Temple? Puppeteer Ninjutsu
87%
which arm is Wolf's prosthetic arm? His left arm
79%
How many attacks are in the spinning combo of Corrupted monk? 5
77%
What is the colour of the folding screen monkey that can hear well? Green
74%
Which one of these bosses DOES have an inner version? Isshin the Sword Saint
72%
What period in Japan does the game take place in? Sengoku Period
72%
What is the name of the minboss guarding the way to Genichiro Ashina's boss fight in Ashina castle? Ashina Elite- Jinsuke Saze
67%
How much sen does the crow memorial mob sells robert's firecrackers for? 500 Sen
64%
What is the maximum amount of attack power you can have in a save file? 99
62%
What do you hear Ashina soldiers are desperate for after eavesdropping on them near the old grave idol? Salt
56%
What is the name of the merchant in Hirata estate that deals with treasure carp scales? Pot noble Harunaga
54%
what is the name of the last sculptor's idol in Fountainhead Palace before fighting the Divine Dragon Sanctuary
46%
How long ago did Wolf's memory of Hirata estate take place before the game? 3 Years
44%
What is the name of the second Ashina general you fight in Ashina outskirts? General Tenzen Yamauchi
41%
No matching quizzes found
Score Distribution
Percent of People with Each Score
Percentile by Number Answered
Your Score History
You have not taken this quiz